[Event "EU-ch 20th"]
[Site "Skopje"]
[Date "2019.03.24"]
[Round "6"]
[White "Gebigke, Martin"]
[Black "Huttl, Sofie"]
[Result "1-0"]
[WhiteElo "2078"]
[BlackElo "1741"]
[PlyCount "49"]
[EventDate "2019.03.18"]
[EventType "swiss"]
[EventRounds "11"]
[EventCountry "MKD"]
[SourceTitle "CBM 189"]
[Source "ChessBase"]
[SourceDate "2019.04.29"]
[SourceVersion "1"]
[SourceVersionDate "2019.04.29"]
[SourceQuality "1"]

1. d4 d5 2. c4 e6 3. Nc3 Nf6 4. cxd5 exd5 5. Bg5 Nbd7 6. e3 c6 7. Bd3 Bd6 8. Qc2 h6 9. Bh4 0-0 10. Nge2 Qe8 11. 0-0-0 Qe6 12. Bf5 Qe7 13. h3 b5 14. g4 g5 15. Bg3 Nb6 16. Bxd6 Qxd6 17. Ng3 Be6 18. Bxe6 Qxe6 19. h4 Nxg4 20. Nf5 f6 21. Nxh6+ Nxh6 22. Qg6+ Kh8 23. Qxh6+ Kg8 24. Qg6+ Kh8 25. hxg5+ 1-0

[Event "EU-ch 20th"]
[Site "Skopje"]
[Date "2019.03.19"]
[Round "2"]
[White "Protopopova, Anastasiya"]
[Black "Huttl, Sofie"]
[Result "1-0"]
[WhiteElo "2263"]
[BlackElo "1741"]
[PlyCount "75"]
[EventDate "2019.03.18"]
[EventType "swiss"]
[EventRounds "11"]
[EventCountry "MKD"]
[SourceTitle "CBM 189"]
[Source "ChessBase"]
[SourceDate "2019.04.29"]
[SourceVersion "1"]
[SourceVersionDate "2019.04.29"]
[SourceQuality "1"]

1. d4 d5 2. Nf3 Nf6 3. c4 e6 4. g3 Be7 5. Bg2 0-0 6. 0-0 dxc4 7. Qc2 a6 8. a4 Bd7 9. Rd1 Bc6 10. Bg5 Nbd7 11. Qxc4 Nb6 12. Qc2 Be4 13. Qc1 Bxb1 14. Qxb1 a5 15. e4 c6 16. Qc2 Nbd7 17. h3 Nb8 18. Qb3 Qc7 19. Nd2 Na6 20. Bf4 Qc8 21. Nc4 Nb4 22. Nb6 Qd8 23. Nxa8 Qxa8 24. Bg5 Rd8 25. Rac1 Qa7 26. d5 exd5 27. e5 Ne4 28. Bxe7 Qxf2+ 29. Kh2 Re8 30. Bxb4 axb4 31. Rc2 Qf5 32. Re2 Ng5 33. Rf1 Qg6 34. Qxb4 f6 35. Qf4 Ne6 36. Qf2 Rf8 37. exf6 Rxf6 38. Qe1 1-0

[Event "Wch U20 Girls 36th"]
[Site "Manavgat"]
[Date "2018.09.12"]
[Round "8"]
[White "Vujcic, Milena"]
[Black "Huttl, Sofie"]
[Result "1/2-1/2"]
[WhiteElo "1955"]
[BlackElo "1727"]
[PlyCount "71"]
[EventDate "2018.09.05"]
[EventType "swiss"]
[EventRounds "11"]
[EventCountry "TUR"]
[SourceTitle "CBM 186 Extra"]
[Source "ChessBase"]
[SourceDate "2018.08.24"]
[SourceVersion "1"]
[SourceVersionDate "2018.08.24"]
[SourceQuality "1"]

1. e4 e5 2. Nf3 Nc6 3. Bb5 Nge7 4. c3 d5 5. Nxe5 dxe4 6. Nxc6 bxc6 7. Be2 Bf5 8. 0-0 Ng6 9. f3 Bc5+ 10. Kh1 0-0 11. fxe4 Bxe4 12. d4 Bd6 13. Qe1 Qh4 14. Qxh4 Nxh4 15. Rg1 Rfe8 16. Bf1 c5 17. Bg5 Nf5 18. Nd2 Bc6 19. Bd3 Ne3 20. Nc4 Nxc4 21. Bxc4 cxd4 22. Rgf1 Kh8 23. cxd4 f6 24. d5 fxg5 25. dxc6 Rab8 26. b3 Rf8 27. Rfd1 Rf2 28. a4 g6 29. Rac1 Rd8 30. Kg1 Rf6 31. Kh1 Rdf8 32. Bb5 Kg7 33. Rf1 Rxf1+ 34. Bxf1 Rf5 35. Bb5 h5 36. Rd1 1/2-1/2

[Event "Wch U18 Girls"]
[Site "Montevideo"]
[Date "2017.09.26"]
[Round "11"]
[White "Huttl, Sofie"]
[Black "Dogan, Sevval"]
[Result "1/2-1/2"]
[WhiteElo "1722"]
[BlackElo "1810"]
[PlyCount "34"]
[EventDate "2017.09.17"]
[EventType "swiss"]
[EventRounds "11"]
[EventCountry "URU"]
[SourceTitle "EXT 2018"]
[Source "ChessBase"]
[SourceDate "2017.10.13"]
[SourceVersion "1"]
[SourceVersionDate "2017.10.13"]
[SourceQuality "1"]

1. e4 c5 2. Nf3 d6 3. d4 cxd4 4. Nxd4 Nf6 5. Nc3 g6 6. Be3 Bg7 7. f3 a6 8. Bc4 b5 9. Bb3 Bb7 10. Qd2 h5 11. a4 b4 12. Na2 a5 13. c3 bxc3 14. Nxc3 Nbd7 15. Ndb5 Qc8 16. Na7 Qb8 17. Nab5 Qc8 1/2-1/2

[Event "Wch U18 Girls"]
[Site "Montevideo"]
[Date "2017.09.20"]
[Round "5"]
[White "Huttl, Sofie"]
[Black "Schloffer, Jasmin Denise"]
[Result "1-0"]
[WhiteElo "1722"]
[BlackElo "1993"]
[PlyCount "85"]
[EventDate "2017.09.17"]
[EventType "swiss"]
[EventRounds "11"]
[EventCountry "URU"]
[SourceTitle "CBM 180 Extra"]
[Source "ChessBase"]
[SourceDate "2017.10.06"]
[SourceVersion "1"]
[SourceVersionDate "2017.10.06"]
[SourceQuality "1"]

1. e4 c5 2. Nf3 d6 3. d4 cxd4 4. Nxd4 Nf6 5. Nc3 g6 6. Be3 a6 7. f3 h5 8. Bc4 Bg7 9. Qd2 Nbd7 10. 0-0-0 Qc7 11. Bb3 b5 12. Kb1 Bb7 13. Nde2 Rc8 14. Nf4 Nb6 15. Qf2 Nc4 16. Bxc4 Qxc4 17. Rd4 Qc6 18. Rd2 a5 19. Ncd5 Nd7 20. Qh4 Bf8 21. Nd3 b4 22. g4 Qc4 23. b3 Qb5 24. Bd4 Rh7 25. Ne3 a4 26. Re1 e5 27. Ba1 Be7 28. Qf2 hxg4 29. Nxg4 Bh4 30. Qe3 Bxe1 31. Qxe1 axb3 32. cxb3 Rh3 33. Qf1 Rh4 34. Qe1 g5 35. Nb2 Rh3 36. Nc4 Qc5 37. Nxd6+ Ke7 38. Nxc8+ Qxc8 39. Rc2 Qb8 40. Qxb4+ Ke8 41. Nxe5 Nxe5 42. Bxe5 Qxe5 43. Qxb7 1-0

[Event "Wch U18 Girls"]
[Site "Montevideo"]
[Date "2017.09.18"]
[Round "2"]
[White "Huttl, Sofie"]
[Black "Argote Heredia, Valentina"]
[Result "0-1"]
[WhiteElo "1722"]
[BlackElo "1944"]
[PlyCount "34"]
[EventDate "2017.09.17"]
[EventType "swiss"]
[EventRounds "11"]
[EventCountry "URU"]
[SourceTitle "CBM 180 Extra"]
[Source "ChessBase"]
[SourceDate "2017.10.06"]
[SourceVersion "1"]
[SourceVersionDate "2017.10.06"]
[SourceQuality "1"]

1. e4 c5 2. Nf3 d6 3. d4 cxd4 4. Nxd4 Nf6 5. Nc3 a6 6. f4 e6 7. Qf3 Be7 8. g4 Qb6 9. Nb3 Nc6 10. Be3 Qc7 11. a4 Nb4 12. 0-0-0 d5 13. Rd2 Bd7 14. g5 Nxe4 15. Nxe4 dxe4 16. Qxe4 Bc6 17. Qc4 b5 0-1

[Event "World ol U16"]
[Site "Poprad"]
[Date "2016.07.27"]
[Round "7.3"]
[White "Meier, Lukas"]
[Black "Huttl, Sofie"]
[Result "1-0"]
[WhiteElo "1874"]
[BlackElo "1727"]
[PlyCount "89"]
[EventDate "2016.07.22"]
[EventType "team-swiss"]
[EventRounds "9"]
[EventCountry "SVK"]
[SourceTitle "EXT 2017"]
[Source "ChessBase"]
[SourceDate "2016.10.25"]
[SourceVersion "1"]
[SourceVersionDate "2016.10.25"]
[SourceQuality "1"]
[WhiteTeam "Switzerland"]
[BlackTeam "Belgium"]
[WhiteTeamCountry "SUI"]
[BlackTeamCountry "BEL"]

1. e4 e5 2. Nf3 Nc6 3. Bc4 Bc5 4. c3 Nf6 5. d3 h6 6. Bb3 d6 7. 0-0 0-0 8. Re1 Bb6 9. Nbd2 Re8 10. Nf1 Ne7 11. Ng3 Ng6 12. h3 Be6 13. Bc2 d5 14. d4 dxe4 15. Nxe5 Nxe5 16. dxe5 Qxd1 17. Rxd1 Nd7 18. Bxe4 c6 19. a4 Nxe5 20. a5 Bc7 21. Bf4 a6 22. Rd4 c5 23. Rdd1 Bb3 24. Re1 Rab8 25. Be3 Nc4 26. Bxc5 Nxa5 27. Nf5 b6 28. Bd4 Be5 29. Bd3 Bxd4 30. Rxe8+ Rxe8 31. Nxd4 Bc4 32. Bxc4 Nxc4 33. Rxa6 Re1+ 34. Kh2 Nxb2 35. Rxb6 Na4 36. Rc6 Rc1 37. Nb5 Kf8 38. Kg3 Rb1 39. c4 Nb2 40. Nd6 Nd3 41. Nf5 Kg8 42. Rc7 Rb3 43. f3 Rb2 44. Re7 Kf8 45. Rd7 1-0

[Event "Arber op (Women) 3rd"]
[Site "Bayerisch Eisenstein"]
[Date "2015.08.08"]
[Round "9"]
[White "Huttl, Sofie"]
[Black "Knobel, Dagmar"]
[Result "1-0"]
[WhiteElo "1593"]
[BlackElo "1360"]
[PlyCount "61"]
[EventDate "2015.08.01"]
[EventType "swiss"]
[EventRounds "9"]
[EventCountry "GER"]
[SourceTitle "EXT 2016"]
[Source "ChessBase"]
[SourceDate "2015.10.08"]
[SourceVersion "1"]
[SourceVersionDate "2015.10.08"]
[SourceQuality "1"]

1. e4 e6 2. d4 d5 3. Nc3 Bb4 4. e5 c5 5. Bd2 cxd4 6. Nb5 Bxd2+ 7. Qxd2 Nc6 8. Nf3 Nge7 9. Nd6+ Kf8 10. Qf4 Nf5 11. Nxf5 exf5 12. Nxd4 Qa5+ 13. c3 Ne7 14. Bd3 Qb6 15. Rb1 Ng6 16. Qe3 Ne7 17. 0-0 Bd7 18. Rfe1 Re8 19. Qh3 Qg6 20. Re3 Qg4 21. Qxg4 fxg4 22. e6 fxe6 23. Nxe6+ Bxe6 24. Rxe6 a6 25. Rb6 Rb8 26. Bxa6 Kf7 27. Rxb7 Ra8 28. Re1 Rhe8 29. Bb5 Rab8 30. Bxe8+ Rxe8 31. a4 1-0

[Event "Arber op (Women) 3rd"]
[Site "Bayerisch Eisenstein"]
[Date "2015.08.04"]
[Round "5"]
[White "Hielscher, Ursula"]
[Black "Huttl, Sofie"]
[Result "0-1"]
[WhiteElo "1836"]
[BlackElo "1593"]
[PlyCount "56"]
[EventDate "2015.08.01"]
[EventType "swiss"]
[EventRounds "9"]
[EventCountry "GER"]
[SourceTitle "EXT 2016"]
[Source "ChessBase"]
[SourceDate "2015.10.08"]
[SourceVersion "1"]
[SourceVersionDate "2015.10.08"]
[SourceQuality "1"]

1. d4 d5 2. Nf3 Nf6 3. c4 e6 4. Bg5 Nbd7 5. e3 c6 6. Be2 Qa5+ 7. Nbd2 Ne4 8. 0-0 Nxg5 9. Nxg5 dxc4 10. Nge4 b5 11. a4 Qc7 12. axb5 cxb5 13. Nc3 Rb8 14. Qc1 Bb4 15. Na2 a5 16. b3 Bxd2 17. Qxd2 cxb3 18. Rfc1 Qd6 19. Nc3 Qb4 20. Qb2 Ba6 21. Bd1 a4 22. Be2 0-0 23. Nxa4 bxa4 24. Bxa6 Ra8 25. Rc4 a3 26. Qxa3 Qxa3 27. Rxa3 b2 28. Rb4 Rfb8 0-1

[Event "BEL-ch U16"]
[Site "Blankenberge"]
[Date "2015.04.17"]
[Round "8"]
[White "Paquay, Noah"]
[Black "Huttl, Sofie"]
[Result "1/2-1/2"]
[WhiteElo "1578"]
[BlackElo "1670"]
[PlyCount "66"]
[EventDate "2015.04.12"]
[EventType "swiss"]
[EventRounds "9"]
[EventCountry "BEL"]
[SourceTitle "CBM 166 Extra"]
[Source "ChessBase"]
[SourceDate "2015.06.18"]
[SourceVersion "1"]
[SourceVersionDate "2015.06.18"]
[SourceQuality "1"]

1. e4 c5 2. Nf3 Nc6 3. d4 cxd4 4. Nxd4 e5 5. Nb5 d6 6. N5c3 Nf6 7. Bg5 Be7 8. Bxf6 Bxf6 9. Nd5 0-0 10. Bc4 Bg5 11. Nbc3 Nd4 12. Ne2 b5 13. Bb3 Nxb3 14. axb3 Bb7 15. Nec3 Qd7 16. Qe2 Bc6 17. 0-0 Rab8 18. Nb4 Ra8 19. Nxc6 Qxc6 20. Qxb5 Rfc8 21. Qxc6 Rxc6 22. Rfd1 a6 23. g3 Rac8 24. Ra5 Bd8 25. Rad5 Bc7 26. R5d2 Bb8 27. Ra1 Ba7 28. Kg2 Kf8 29. Rad1 Bd4 30. Ra1 Rxc3 31. bxc3 Bxc3 32. Rdd1 Bxa1 33. Rxa1 Rc6 1/2-1/2

[Event "BEL-ch U16"]
[Site "Blankenberge"]
[Date "2015.04.16"]
[Round "7"]
[White "Huttl, Sofie"]
[Black "Bratuszewski, Jorden"]
[Result "0-1"]
[WhiteElo "1670"]
[BlackElo "1801"]
[PlyCount "94"]
[EventDate "2015.04.12"]
[EventType "swiss"]
[EventRounds "9"]
[EventCountry "BEL"]
[SourceTitle "CBM 166 Extra"]
[Source "ChessBase"]
[SourceDate "2015.06.18"]
[SourceVersion "1"]
[SourceVersionDate "2015.06.18"]
[SourceQuality "1"]

1. e4 g6 2. d4 Bg7 3. Nc3 d6 4. Nf3 a6 5. Be2 b5 6. a3 Bb7 7. Be3 Nd7 8. Qd2 Rc8 9. d5 c5 10. dxc6 Bxc6 11. Bd4 Bxd4 12. Nxd4 Bb7 13. 0-0 h6 14. a4 b4 15. Nd5 a5 16. f3 Bxd5 17. exd5 Ngf6 18. Nc6 Qb6+ 19. Kh1 Nxd5 20. Qxd5 Rxc6 21. Bc4 0-0 22. Bb3 Nf6 23. Qd3 Kg7 24. f4 Ng4 25. Qe2 Ne3 26. Rfe1 Nf5 27. g4 Nd4 28. Qd3 Nxb3 29. Qxb3 Qf2 30. Rxe7 Rxc2 31. Qg3 Rxb2 32. f5 Qxg3 33. hxg3 gxf5 34. gxf5 Rb3 35. Kg2 Rc8 36. Rd7 Rc2+ 37. Kh3 Rd2 38. Ra7 Ra3 39. f6+ Kg6 40. Re1 Rxa4 41. Ree7 Kxf6 42. Rxf7+ Ke5 43. Rae7+ Kd4 44. Rf4+ Kc3 45. Rc7+ Kb2 46. Rf1 Ra1 47. Rf4 d5 0-1

[Event "BEL-ch U16"]
[Site "Blankenberge"]
[Date "2015.04.15"]
[Round "6"]
[White "Pfeiffer, Noah"]
[Black "Huttl, Sofie"]
[Result "0-1"]
[WhiteElo "1564"]
[BlackElo "1670"]
[PlyCount "74"]
[EventDate "2015.04.12"]
[EventType "swiss"]
[EventRounds "9"]
[EventCountry "BEL"]
[SourceTitle "CBM 166 Extra"]
[Source "ChessBase"]
[SourceDate "2015.06.18"]
[SourceVersion "1"]
[SourceVersionDate "2015.06.18"]
[SourceQuality "1"]

1. d4 d5 2. Nf3 Nf6 3. c4 c6 4. e3 Bf5 5. Nc3 e6 6. Bd3 Bd6 7. 0-0 0-0 8. b3 Nbd7 9. Bb2 Rc8 10. Qc2 Bxd3 11. Qxd3 Qe7 12. Rac1 e5 13. dxe5 Nxe5 14. Nxe5 Bxe5 15. cxd5 Rcd8 16. Qe2 Nxd5 17. Nxd5 Rxd5 18. Bxe5 Qxe5 19. Rfd1 Rfd8 20. Rxd5 Qxd5 21. Qc4 Qxc4 22. bxc4 Rd2 23. Ra1 Rc2 24. Rd1 Kf8 25. Kf1 Rxc4 26. a3 Ke7 27. Rd2 c5 28. Ke2 Ra4 29. Rc2 Kd6 30. Rc3 b5 31. Rd3+ Kc6 32. Rc3 a5 33. g3 b4 34. axb4 axb4 35. Rb3 c4 36. Rb1 Ra2+ 37. Ke1 b3 0-1

[Event "BEL-ch U16"]
[Site "Blankenberge"]
[Date "2015.04.13"]
[Round "3"]
[White "Huttl, Sofie"]
[Black "Dumont, Thomas"]
[Result "1-0"]
[WhiteElo "1670"]
[BlackElo "1386"]
[PlyCount "103"]
[EventDate "2015.04.12"]
[EventType "swiss"]
[EventRounds "9"]
[EventCountry "BEL"]
[SourceTitle "CBM 166 Extra"]
[Source "ChessBase"]
[SourceDate "2015.06.18"]
[SourceVersion "1"]
[SourceVersionDate "2015.06.18"]
[SourceQuality "1"]

1. e4 e5 2. Nf3 Nf6 3. Nxe5 d6 4. Nf3 Nxe4 5. d4 d5 6. Bd3 Bf5 7. 0-0 Bd6 8. Re1 0-0 9. c4 c6 10. Qb3 Qc7 11. cxd5 Bg6 12. Bxe4 Bxe4 13. Rxe4 cxd5 14. Re1 Rd8 15. Nc3 Qa5 16. Bd2 Bb4 17. a3 Bxc3 18. Qxc3 Qb6 19. Qa5 Qd6 20. Bb4 Qd7 21. Re7 Qc8 22. Qc7 Nc6 23. Qxc8 Raxc8 24. Rxb7 Nxb4 25. Rxb4 Rc7 26. Re1 Rdc8 27. Kf1 h6 28. Rb5 Rd8 29. Rc5 Rb7 30. b4 Rb6 31. Rec1 Kh7 32. Rc7 Ra6 33. Rxf7 Rxa3 34. Rcc7 Ra1+ 35. Ke2 Re8+ 36. Ne5 Ra2+ 37. Kf3 Ra3+ 38. Kf4 Rg8 39. Rxa7 Rxa7 40. Rxa7 Rf8+ 41. Ke3 Rb8 42. Ra4 Rb7 43. Kd3 Rc7 44. b5 Rb7 45. Rb4 Kg8 46. b6 Kf8 47. Nc6 Ke8 48. Na5 Rb8 49. b7 Kd7 50. Nb3 Kc7 51. Nc5 Rf8 52. Na6+ 1-0

[Event "BEL-ch U16"]
[Site "Blankenberge"]
[Date "2015.04.12"]
[Round "1"]
[White "Huttl, Sofie"]
[Black "Verstraeten, Leander"]
[Result "1-0"]
[WhiteElo "1670"]
[BlackElo "1171"]
[PlyCount "71"]
[EventDate "2015.04.12"]
[EventType "swiss"]
[EventRounds "9"]
[EventCountry "BEL"]
[SourceTitle "CBM 166 Extra"]
[Source "ChessBase"]
[SourceDate "2015.06.18"]
[SourceVersion "1"]
[SourceVersionDate "2015.06.18"]
[SourceQuality "1"]

1. e4 c5 2. Nf3 d6 3. d4 cxd4 4. Nxd4 a6 5. c4 Nf6 6. Nc3 Nbd7 7. Be2 Qc7 8. Qc2 Ne5 9. b3 Neg4 10. h3 Qc5 11. hxg4 Qxd4 12. Be3 Qe5 13. f4 Qa5 14. Bd2 Qc5 15. g5 Ng4 16. Bxg4 Bxg4 17. Nd5 g6 18. Be3 Qa5+ 19. b4 Qa3 20. Nc7+ Kd7 21. Nd5 Bg7 22. Rb1 e6 23. Rb3 Qxb3 24. Nb6+ Ke7 25. Qxb3 Rad8 26. Qd3 e5 27. f5 f6 28. Nd5+ Kf7 29. gxf6 Bxf6 30. fxg6+ Kxg6 31. Rh6+ Kg7 32. Rxf6 h6 33. Qf1 Bh5 34. Qf5 Be8 35. Qg4+ Kh7 36. Rxh6# 1-0

[Event "Brasschaat op 14th"]
[Site "Brasschaat"]
[Date "2014.08.17"]
[Round "2"]
[White "Verhulst, Nikolaas"]
[Black "Huttl, Sofie"]
[Result "1/2-1/2"]
[WhiteElo "1974"]
[BlackElo "1610"]
[PlyCount "46"]
[EventDate "2014.08.16"]
[EventType "swiss"]
[EventRounds "9"]
[EventCountry "BEL"]
[SourceTitle "CBM 161 Extra"]
[Source "ChessBase"]
[SourceDate "2014.08.29"]
[SourceVersion "1"]
[SourceVersionDate "2014.08.29"]
[SourceQuality "1"]

1. e4 c5 2. b3 Nc6 3. Bb2 d6 4. f4 e6 5. c4 b6 6. Nf3 Bb7 7. Nc3 Nf6 8. d4 cxd4 9. Nxd4 Qd7 10. Be2 0-0-0 11. Bf3 Be7 12. Nxc6 Bxc6 13. Qc2 Qb7 14. b4 Qa8 15. Nd5 Rd7 16. Rc1 Kb8 17. Nxe7 Rxe7 18. c5 Bxe4 19. Bxe4 Qxe4+ 20. Qxe4 Nxe4 21. cxd6 Rd7 22. 0-0 f6 23. Rfe1 Nxd6 1/2-1/2

[Event "Wch U14 Girls"]
[Site "Al Ain"]
[Date "2013.12.24"]
[Round "8"]
[White "Huttl, Sofie"]
[Black "Nass, Sara"]
[Result "1/2-1/2"]
[WhiteElo "1625"]
[BlackElo "1425"]
[PlyCount "73"]
[EventDate "2013.12.18"]
[EventType "swiss"]
[EventRounds "11"]
[EventCountry "UAE"]
[SourceTitle "CBM 158 Extra"]
[Source "ChessBase"]
[SourceDate "2014.02.28"]
[SourceVersion "1"]
[SourceVersionDate "2014.02.28"]
[SourceQuality "1"]

1. e4 c5 2. Nf3 Nc6 3. d4 cxd4 4. Nxd4 Nf6 5. Nc3 e5 6. Ndb5 d6 7. Bg5 a6 8. Na3 b5 9. Nd5 Be7 10. Bxf6 Bxf6 11. c3 0-0 12. Nc2 Bg5 13. a4 bxa4 14. Rxa4 Kh8 15. Nce3 Bxe3 16. Nxe3 Ne7 17. Nc4 d5 18. Nxe5 f6 19. Nf3 dxe4 20. Rxe4 Qxd1+ 21. Kxd1 Nc6 22. Kc1 Bf5 23. Re3 Rfd8 24. Bc4 Rab8 25. Rd1 Rxd1+ 26. Kxd1 a5 27. Kc1 a4 28. Bd3 Bxd3 29. Rxd3 Na5 30. Kc2 Nc4 31. Kc1 Nxb2 32. Rd4 a3 33. Kb1 Kg8 34. Ka2 Ra8 35. Ne1 Na4 36. Rd3 Rc8 37. Kxa3 1/2-1/2